000 00285nam a22001337a 4500
008 170131b xxu||||| |||| 00| 0 eng d
020 _a9780060765323
041 _aeng
080 _a61
100 _a3
101 _aSHM
245 _aTHE OWNER'S MANUAL
_cROIZEN, M.F
942 _2udc
_cBK
999 _c4146
_d4146